| 000 | 00333nam a2200133 a 4500 | ||
|---|---|---|---|
| 001 | 4579 | ||
| 003 | CDMR | ||
| 005 | 20130116135258.0 | ||
| 008 | 130130s2004||||||||||||||||||||||||||||d | ||
| 040 |
_aCDMR _bcat _cCPC GIRONA |
||
| 245 | 0 | _aFotoperiodisme i societat a la Costa Brava sud | |
| 260 |
_c2004 _bAjuntament de Blanes |
||
| 942 | _cMON | ||
| 999 |
_c4579 _d4579 |
||